Mayakovsky ; a poet in the revolution /

Bibliographic Details
Main Author: Brown, Edward J. (Edward James), 1909-1991
Format: Book
Language:English
Russian
Published: Princeton, N.J. : Princeton University Press, [1973]
Series:Studies of the Harriman Institute.
Subjects:

MARC

Tag First Indicator Second Indicator Subfields
LEADER 00000cam a2200000 4500
001 in00000203313
005 20151009055524.0
008 740123s1973 njua b 00110beng d
010 |a  72014022  
020 |a 0691062552  |c $16.50 
035 |a (OCoLC)00804824 
035 |9 AAX1092AM 
040 |a DLC  |c DLC  |d TXA  |d UtOrBLW 
041 1 |a eng  |a rus 
049 |a TXAM  |c [1132503] 
050 0 0 |a PG3476.M312  |b B7 
082 0 |a 891.7/1/42  |a B 
100 1 |a Brown, Edward J.  |q (Edward James),  |d 1909-1991. 
245 1 0 |a Mayakovsky ;  |b a poet in the revolution /  |c by Edward J. Brown. 
264 1 |a Princeton, N.J. :  |b Princeton University Press,  |c [1973] 
264 4 |c [©1973] 
300 |a ix, 386 pages :  |b illustrations ;  |c 25 cm. 
336 |a text  |b txt  |2 rdacontent 
337 |a unmediated  |b n  |2 rdamedia 
338 |a volume  |b nc  |2 rdacarrier 
490 1 |a Columbia University. Studies of the Russian Institute 
504 |a Bibliography: pages 371-377. 
600 1 0 |a Mayakovsky, Vladimir,  |d 1893-1930. 
830 0 |a Studies of the Harriman Institute. 
999 |a MARS 
999 f f |s 58df07e7-67bc-3050-be60-88330ed08a27  |i 37e8c491-27d1-3110-bd97-17479e4caa7d  |t 0 
952 f f |p normal  |a Texas A&M University  |b College Station  |c Sterling C. Evans Library  |d Evans: Library Stacks  |t 0  |e PG3476.M312 B7  |h Library of Congress classification  |i unmediated -- volume  |m A14803629525 
998 f f |a PG3476.M312 B7  |t 0  |l Evans: Library Stacks